| 000 | 00602nam a2200205Ia 4500 | ||
|---|---|---|---|
| 008 | 260428s9999 xx 000 0 und d | ||
| 020 | _a9789561428737 | ||
| 082 | _a345.830268 N217e 2021 | ||
| 100 |
_aNáquira Riveros, Jaime, editor _935819 |
||
| 100 |
_aRosenblut G., Verónica, editor _935820 |
||
| 245 | 0 | _aEstudios de derecho penal económico chileno (2019) | |
| 260 | _aEdiciones Universidad Católica de Chile | ||
| 260 | _bSantiago, Chile | ||
| 260 | _c2021 | ||
| 300 | _a276p. | ||
| 650 |
_aChile _9121 |
||
| 650 |
_aDerecho Penal _9330 |
||
| 650 |
_aEstudios _92701 |
||
| 942 | _clibro | ||
| 999 |
_c20490 _d20490 |
||